| 000 | 00519pab a2200181 454500 | ||
|---|---|---|---|
| 008 | 180718b2010 xxu||||| |||| 00| 0 eng d | ||
| 100 | _aHooks, Gregory | ||
| 245 | _aAmerican exceptionalism revisited: The military-industrial complex, racial tension, and the underdeveloped welfare state | ||
| 260 | _c2010 | ||
| 300 | _ap.185-204. | ||
| 362 | _aApr | ||
| 650 | _aWelfare state | ||
| 650 | _aSocial policy | ||
| 700 | _aMcQueen, Brian | ||
| 773 | _aAmerican Sociological Review | ||
| 908 | _aN | ||
| 909 | _a87003 | ||
| 999 |
_c87003 _d87003 |
||